000 01002nam a22002417a 4500
005 20240530110910.0
008 220214s ua g 000 0 ara d
017 _bمصر. دار الكتب
_a2007/3217
040 _aEG-CaGPL
_cEG-CaGPL
082 0 4 _221
_a327.730567 /
_bب ا
100 0 _aبول ، جورج و
245 1 2 _aاميركا اسرائيل علاقة حميمة :
_bالتورط الاميركى مع اسرائيل منذ العام 1947 حتى الان /
_cبول ، جورج و
250 _aط. 1
260 _aبيروت :
_bبيسان للنشر والتوزيع ،
_c1994
300 _a352 ص. ؛
_c24 سم
650 _2qrmak
_aالعلاقات العربية الامريكية
651 _2qrmak
_aالولايات المتحدة الامريكية
651 _2qrmak
_aاسرائيل
700 _aبول ، دوغلاس ب
_eمؤلف
700 _aمحمد زكريا اسماعيل
_eمترجم
942 _2ddc
_cBK
999 _c66291
_d66291